Bioquímica y microbiología de la leche /
Guardado en:
| Autor Principal: | |
|---|---|
| Otros Autores: | |
| Formato: | Libro |
| Idioma: | Spanish |
| Publicado: |
México :
Limusa,
c1995.
|
| Materias: | |
| Etiquetas: |
Agregar Etiqueta
Sin Etiquetas, Sea el primero en etiquetar este registro!
|
| LEADER | 00720nam a22001935a 4500 | ||
|---|---|---|---|
| 001 | EIQ.libpla001491 | ||
| 008 | 061025s1995####mx#a#####b####000#0#spa#d | ||
| 005 | 20061025160144.0 | ||
| 245 | 1 | 0 | |a Bioquímica y microbiología de la leche / |c Jorge Pérez Gavilán Escalante, José Pablo Pérez Gavilán Escalante. |
| 260 | |a México : |b Limusa, |c c1995. | ||
| 300 | |a 202 p. : |b il. ; |c 26 cm. | ||
| 504 | |a Incluye referencias bibliográficas e índice. | ||
| 020 | |a 9681816439 | ||
| 100 | 1 | |a Pérez Gavilán Escalante, Jorge. | |
| 700 | 1 | |a Pérez Gavilán Escalante, José Pablo. | |
| 650 | 4 | |a Leche |x Microbiología. | |
| 650 | 4 | |a Milk |x Microbiology. | |
| 040 | |a AR-BbSID |b spa |c AR-BbSID | ||
| 859 | |a AR-BbSID |b BIB. PLAPIQUI |h 637 |i P 41 |p 4688 | ||
